<?xml version="1.0" encoding="UTF-8"?>
<collection xmlns="http://www.loc.gov/MARC21/slim">
 <record>
  <leader>00736pamaa2200205   4500</leader>
  <controlfield tag="001">0000043078</controlfield>
  <controlfield tag="005">20130118090000.0</controlfield>
  <controlfield tag="008">071217                             eng  </controlfield>
  <datafield tag="020" ind1="0" ind2="0">
   <subfield code="a">2287483632 (pbk.) </subfield>
  </datafield>
  <datafield tag="090" ind1="0" ind2="0">
   <subfield code="a">TS171 </subfield>
   <subfield code="b">FIS 2006</subfield>
  </datafield>
  <datafield tag="100" ind1="1" ind2="0">
   <subfield code="a">Fischer </subfield>
  </datafield>
  <datafield tag="245" ind1="1" ind2="0">
   <subfield code="a">Research in interactive design : </subfield>
   <subfield code="b">virtual concepts  </subfield>
   <subfield code="c">Xavier Fischer and Daniel Coutellier.</subfield>
  </datafield>
  <datafield tag="250" ind1="0" ind2="0">
   <subfield code="a">Volume 2.</subfield>
  </datafield>
  <datafield tag="260" ind1="0" ind2="0">
   <subfield code="a">France: </subfield>
   <subfield code="b">Springer-Verlag, </subfield>
   <subfield code="c">2006.</subfield>
  </datafield>
  <datafield tag="300" ind1=" " ind2=" ">
   <subfield code="a">xv, 114p: </subfield>
   <subfield code="b">ill.; </subfield>
   <subfield code="c">24 cm.</subfield>
  </datafield>
  <datafield tag="500" ind1="0" ind2="0">
   <subfield code="a">Includes 1 CD-ROM titled &quot;Research in interactive design ; virtual concepts by Xavier Fischer and Daniel Coutellier&quot;</subfield>
  </datafield>
  <datafield tag="501" ind1="0" ind2="0">
   <subfield code="a">CITS</subfield>
  </datafield>
  <datafield tag="650" ind1="0" ind2="0">
   <subfield code="a">Engineering -- </subfield>
   <subfield code="x">research methods </subfield>
  </datafield>
  <datafield tag="700" ind1="1" ind2="1">
   <subfield code="a">Coutellier, </subfield>
   <subfield code="h">Daniel </subfield>
  </datafield>
  <datafield tag="901" ind1=" " ind2=" ">
   <subfield code="u">http://www.springer.com</subfield>
  </datafield>
 </record>
</collection>
